[Event "83rd ESP-ch Women-ch 2018"]
[Site "Linares"]
[Date "2018.08.20"]
[Round "1"]
[White "Sosa Suarez, Carla Cristina"]
[Black "Espinosa Aranda, Angel"]
[Result "0-1"]
[WhiteElo "2006"]
[BlackElo "2451"]
[Annotator "TA"]
[PlyCount "86"]
[EventDate "2018.08.09"]
[EventType "tourn"]
[EventCountry "ESP"]
[SourceTitle "playchess.com"]
[Source "ChessBase"]
[SourceQuality "1"]

{[%evp 17,85,-6,33,34,60,46,63,4,84,-5,-1,-66,-56,-67,-70,-57,-54,-69,-62,-54,0,-7,0,0,-3,-3,55,-78,-75,-57,-61,-60,-60,-60,-25,-27,-27,-50,-30,-40,-50,-50,-42,-70,-72,-66,-40,-43,-37,-47,-54,-42,0,-115,-116,-112,-116,-214,-206,-359,-352,-346,-230,-222,-156,-172,-164,-29992,-29993,-29999]} 1. e4 e5 2. Nf3 Nc6 3. Bc4 Bc5 4. O-O Nf6 5. d3 d6 6. c3 a6 7. Bb3 Ba7 8. h3 {C54: Giuoco Piano: 4 c3 Nf6, main lines with 5 d4 and 5 d3} (8. Re1 h6 9. Nbd2 Nh5 10. Nf1 Qf6 11. Ne3 Nf4 12. Nd5 Nxd5 13. exd5 Ne7 14. d4 exd4 15. Nxd4 O-O 16. Be3 {½-½ (101) Amin,B (2689)-Bu,X (2730) Riadh 2017}) 8... h6 9. Be3 g5 {LiveBook: 5 Games} 10. Bxa7 {White is slightly better.} Rxa7 11. Nh2 $146 ({Predecessor:} 11. Nbd2 g4 12. hxg4 Bxg4 13. Qe1 Rg8 14. Qe3 Qd7 15. Qxh6 Bxf3 16. Nxf3 {½-½ (53) Sean,W (2407)-Praggnanandhaa,R (2471) Zalakaros 2017}) 11... Qe7 12. d4 (12. Na3 $14) 12... Rg8 (12... Nxe4 $11 13. Re1 Nf6) 13. g4 (13. d5 $16 Na5 14. Nd2) 13... Nh7 $11 {[%cal Bf6h7,Bh7f8,Bf8g6,Bg6f4][%mdl 32]} 14. Na3 ({White should play} 14. Ba4 $11) 14... Nf8 $1 $15 15. Nc4 Ng6 $1 16. Ne3 ({Reject} 16. d5 $6 Nb8 $11) 16... Nf4 $1 17. Qf3 exd4 18. Nd5 Ne5 19. Qxf4 $1 gxf4 20. Nxe7 Kxe7 21. cxd4 Nd7 (21... Ng6 $11) 22. f3 (22. Nf3 $14 {stays ahead.}) 22... c5 $17 23. Rfd1 cxd4 24. Rxd4 Ne5 25. Rc1 b6 26. Kg2 Bd7 27. Rcd1 Rg6 28. Nf1 Rc7 29. Nd2 Bb5 30. a4 Bd3 31. Kf2 Rg8 (31... h5 $5) 32. Nb1 Bxb1 33. Rxb1 h5 34. Rbd1 ({Wrong is} 34. gxh5 $2 Rg3 $19) 34... hxg4 35. hxg4 (35. fxg4 $11 {was the only way to keep the balance.} Rh8 36. Kg2) 35... Rh8 36. Kg2 Rh6 37. R4d2 {[#]} (37. Rb4 $17 Rb7 38. Rg1) 37... Rc8 $1 $19 {[%cal Rc8h8] Hoping for ...Rch8.} 38. Rh1 $2 (38. Rf2 {was necessary.}) 38... Rxh1 39. Kxh1 Nxf3 40. Rf2 Nd4 41. Bd5 f3 42. Rd2 $2 {[#]} (42. Kh2 $19) 42... Ne2 {[%cal Rc8h8]} 43. e5 Rh8# {Precision: White = 33%, Black = 60%.} 0-1

[Event "83rd ESP-ch Women-ch 2018"]
[Site "Linares"]
[Date "2018.08.20"]
[Round "1"]
[White "Blazquez Gomez, Miguel"]
[Black "Moreno Ruiz, Javier"]
[Result "0-1"]
[WhiteElo "1998"]
[BlackElo "2450"]
[Annotator "TA"]
[PlyCount "61"]
[EventDate "2018.08.09"]
[EventType "tourn"]
[EventCountry "ESP"]
[SourceTitle "playchess.com"]
[Source "ChessBase"]
[SourceQuality "1"]

{[%evp 14,61,4,-30,10,0,0,-26,-17,-45,-20,-74,-74,-80,-85,-78,-72,-83,-84,-87,-70,-114,-112,-188,-175,-160,-166,-181,-175,-189,-177,-188,-182,-188,-182,-191,-185,-185,-176,-180,-178,-191,-188,-183,-196,-348,-339,-1093,-1039,-29999]} 1. e4 e6 2. d3 d5 3. Nd2 c5 4. Ngf3 Nc6 5. g3 Bd6 6. Bg2 Nge7 7. O-O O-O 8. b3 {LiveBook: 6 Games. A08: King's Indian Attack} (8. Re1 Bc7 9. c3 b6 10. a3 a5 11. a4 Ba6 12. Qc2 Ng6 13. exd5 exd5 14. Nb3 Nce5 15. Nxe5 Nxe5 16. Rd1 Rc8 17. d4 Nd3 18. Rxd3 Bxd3 19. Qxd3 {1-0 (28) Ivanchuk,V (2747)-Korobov,A (2692) Doha 2016}) 8... Bd7 9. Bb2 d4 10. Nc4 {The position is equal.} Bc7 11. a4 a6 $146 {[%cal Ba7a6,Ba6b5][%mdl 32]} ({Predecessor:} 11... e5 12. Bc1 f6 13. Bd2 Bg4 14. Qe1 Qd7 15. Kh1 g5 {0-1 (53) Bibiloni,J-Schweber,S Villa Gesell 1971}) 12. c3 (12. e5 $11 {remains equal.}) 12... b5 $17 {White must now prevent ...dxc3.} 13. axb5 axb5 14. Ncd2 dxc3 15. Bxc3 e5 16. Qc2 Rb8 17. Ne1 Be6 18. f4 (18. Nef3 $17) 18... exf4 $19 19. gxf4 Nd4 20. Qd1 f5 21. Kh1 Ng6 22. Bxd4 Qxd4 ({But not} 22... cxd4 23. e5 $15) 23. Ndf3 Qd7 24. Ra7 {Threatening Ng5.} Nxf4 25. Ng5 h6 26. Nxe6 Nxe6 27. exf5 {[#]} Qd6 $1 $40 {[%csl Gc7][%cal Rd6h2][%mdl 128] Black goes for the king.} 28. Qh5 {[#]} Nf4 $1 {[%cal Rf4h5]} 29. Qh4 $2 (29. Qg4 Nxg2 30. Qxg2) 29... Rxf5 30. Be4 $2 (30. Qg3) 30... Ng6 31. Qg4 {Precision: White = 48%, Black = 75%.} 0-1

[Event "83rd ESP-ch Women-ch 2018"]
[Site "Linares"]
[Date "2018.08.20"]
[Round "1"]
[White "Diaz Rodriguez, Jose Antonio"]
[Black "Cruz Lledo, Pablo"]
[Result "0-1"]
[WhiteElo "1991"]
[BlackElo "2432"]
[Annotator "TA"]
[PlyCount "76"]
[EventDate "2018.08.09"]
[EventType "tourn"]
[EventCountry "ESP"]
[SourceTitle "playchess.com"]
[Source "ChessBase"]
[SourceQuality "1"]

{[%evp 13,76,8,14,0,0,0,0,0,16,0,0,0,0,-29,0,0,0,0,36,0,0,0,0,0,0,0,0,0,0,0,11,0,4,-15,-7,-165,-165,-158,-157,-139,-144,-149,-143,-147,-133,-137,-137,-210,-193,-224,131,-249,-258,-302,-288,-386,-380,-542,-543,-531,-522,-1539,-1502,-5302,-5218]} 1. e4 c6 2. d4 d5 3. exd5 cxd5 4. Bd3 Nc6 5. c3 Nf6 6. h3 g6 7. Nf3 {B13: Caro-Kann: Exchange Variation and Panov-Botvinnik Attack} Bf5 {LiveBook: 42 Games} 8. Na3 (8. Be2 Qc7 9. O-O Bg7 10. Re1 O-O 11. Nbd2 Rfe8 12. Nf1 Rad8 13. Ng3 Ne4 14. Nxf5 gxf5 {1-0 (59) So,W (2780)-Mamedyarov,S (2801) Saint Louis 2018}) 8... Bxd3 9. Qxd3 {The position is equal.} Bg7 10. Bf4 O-O 11. O-O Ne4 $146 ({Predecessor:} 11... e6 12. Rfe1 a6 13. Nc2 b5 14. a4 Qb6 15. axb5 axb5 {0-1 (58) Ypma,P (2150)-L'Ami,E (2629) Wolvega 2012}) 12. Qe3 Re8 13. Ne5 Nxe5 14. dxe5 {aiming for f3.} Qa5 15. Nc2 f6 16. f3 (16. exf6 {with more complications.} exf6 17. Qd3 f5 18. Be3 Rad8 19. Rfe1) 16... fxe5 17. Bxe5 Bxe5 18. fxe4 Rad8 19. exd5 Qxd5 20. Nb4 Qa5 21. Rae1 Bf6 22. Rd1 Kg7 23. Qe6 Rf8 24. Rd7 $2 (24. Qe4 $11 {and White is okay.}) 24... Rxd7 $19 25. Qxd7 Qb6+ $1 26. Kh1 Rd8 27. Qg4 Rd2 28. Qf3 Rxb2 29. Nd5 Qc6 30. c4 (30. a3 $17 {was necessary.}) 30... Rxa2 31. Qe4 {intending Rxf6!} Rb2 $2 {[#]} ({Black should try} 31... Qd7 $1 $19 {Hoping for ...Ra1.} 32. Nxf6 exf6) 32. h4 $2 {[%mdl 8192]} (32. Rxf6 $1 $16 {[%mdl 512] is forced if you want to stay better.} Rb1+ (32... exf6 33. Qe7+) 33. Qxb1 exf6 34. Qb4) 32... Qd6 33. h5 Qe5 ({Much less strong is} 33... gxh5 34. Nf4 $19) 34. Qxe5 Bxe5 35. Nxe7 (35. Ne3 {was worth a try.}) 35... a5 {[%cal Ba7a5,Ba5a4,Ba4a3][%mdl 32] Black is clearly winning.} 36. hxg6 hxg6 {And now ...a4 would win.} 37. Nd5 a4 38. Re1 a3 {Precision: White = 24%, Black = 75%.} 0-1

[Event "83rd ESP-ch Women-ch 2018"]
[Site "Linares"]
[Date "2018.08.20"]
[Round "1"]
[White "Ramos Saavedra, Mario"]
[Black "Garza Marco, Sergio"]
[Result "0-1"]
[WhiteElo "1981"]
[BlackElo "2414"]
[Annotator "TA"]
[PlyCount "126"]
[EventDate "2018.08.09"]
[EventType "tourn"]
[EventCountry "ESP"]
[SourceTitle "playchess.com"]
[Source "ChessBase"]
[SourceQuality "1"]

{[%evp 11,126,13,25,-58,-58,-78,-39,-86,-64,-64,-60,-36,-24,-35,-25,-47,-40,-90,-59,-67,-30,-35,-31,-33,-31,-29,-24,-23,-36,-69,-49,-66,-66,-68,-71,-91,-83,-102,-61,-57,-56,-56,-31,-36,-30,-30,-25,-96,-93,-100,-92,-118,-102,-125,-113,-148,-114,-206,-195,-195,-210,-210,-200,-454,-235,-224,-250,-322,-301,-451,0,-220,-206,-474,-532,-455,-336,-332,-328,-329,-328,-334,-313,-418,-416,-397,-408,-394,-394,-387,-358,-1007,-1000,-981,-990,-893,-939,-777,-769,-1395,-1320,-1503,-1454,-1450,-938,-1861,-2174,-2277,-2262,-5583,-2919,-6465,-6193,-6118,-5808,-5097,-5085]} 1. e4 {[%cal Be2e4,Be4e5][%mdl 32]} g6 2. d4 Bg7 3. Nc3 d6 4. f4 Nf6 5. Nf3 O-O 6. e5 Nfd7 {LiveBook: 192 Games} 7. Bd3 {B09: Pirc Defence: Austrian Attack} ({White should play} 7. Bc4 $11) (7. Bc4 Nb6 8. Bb3 Nc6 9. O-O Na5 10. Qe2 d5 11. h3 e6 12. Nd1 Qe7 13. Ne3 a6 14. a4 Nbc4 15. Bxc4 Nxc4 16. Ng4 b5 17. b3 Na5 18. f5 exf5 19. Bg5 Qe6 20. Nf6+ Kh8 21. Qe1 {1-0 (21) Efimenko,Z (2632)-Chatalbashev,B (2561) Wunsiedel 2018}) 7... c5 $15 8. dxc5 Nxc5 9. Bc4 $146 {Black is slightly better.} ({Predecessor:} 9. exd6 Qxd6 10. Be2 Bf5 11. Bd2 a6 12. Qc1 Nc6 13. O-O Nb4 14. Bd1 Nd5 15. Nxd5 Qxd5 {1-0 (64) Nurkic,H (2218)-Cabric,I (1934) Lukavac 2016}) 9... Nc6 {[%cal Rd6e5]} 10. Be3 Qa5 {Hoping for ...Na4.} 11. O-O dxe5 12. Nxe5 Be6 (12... Bxe5 {keeps more tension.} 13. fxe5 Be6 14. Nd5 Nd7 15. b4 Qd8) 13. Bxe6 Nxe6 14. Qd5 Qxd5 15. Nxd5 {[#] Strongly threatening Nxc6.} Bxe5 16. fxe5 Rfd8 17. Rad1 Kg7 18. Nf4 Nxf4 19. Bxf4 h6 20. Bd2 g5 21. Bc3 Kg6 22. Kf2 b5 23. a3 a5 24. b3 Rac8 25. Ke3 b4 26. axb4 axb4 27. Bb2 Rxd1 28. Rxd1 {[%mdl 4096] Endgame KRB-KRN} Kf5 29. Rf1+ (29. Rd7 $1 $11) 29... Ke6 $17 30. Ke4 Rd8 {White must now prevent ...Rd2.} 31. Rf2 Rd1 32. Re2 Rd5 33. Kf3 h5 34. h4 (34. Ke3 $17) 34... gxh4 $19 35. Kf4 Rd1 36. Ke4 Rh1 37. Bd4 $2 (37. Ke3) 37... h3 (37... Nxd4 $142 38. Kxd4 h3 39. gxh3 Rxh3) 38. gxh3 Rxh3 {[#] And now ...Rh4+ would win.} 39. Bf2 Rh2 ({Don't play} 39... Nxe5 40. Kd4 $19) 40. Kf3 (40. Rd2 $142) 40... Rh3+ $2 (40... h4 $19 41. Bb6 Rxe2 42. Kxe2 Kxe5) 41. Kf4 $2 (41. Ke4 $1 $11 {and White stays safe.}) 41... Rh1 42. Kg5 $2 (42. Kg3) 42... Rh2 43. Kf4 Rg2 {...h4! is the strong threat.} 44. Kf3 Rg4 45. Bb6 Nxe5+ 46. Kf2 Kf5 47. Bc7 Nc6 48. Re3 e5 49. c3 f6 {[%cal Bf7f6,Bf6f5][%mdl 32]} 50. Bd6 Ke6 51. Bxb4 $2 (51. Bf8) 51... Nxb4 {Black is clearly winning.} 52. cxb4 Rxb4 {KR-KR} 53. Rh3 f5 54. Ke2 h4 55. Kd2 Rg4 56. Rh1 Kd5 57. Kc3 Kc5 58. Rf1 Rg3+ 59. Kc2 f4 60. Ra1 h3 {[%cal Bh4h3,Bh3h2][%mdl 32]} 61. Re1 Re3 62. Ra1 h2 63. Rh1 Rh3 {Precision: White = 27%, Black = 65%.} 0-1

[Event "83rd ESP-ch Women-ch 2018"]
[Site "Linares"]
[Date "2018.08.20"]
[Round "1"]
[White "Gonzalez Garcia, Francisco"]
[Black "Merario Alarcon, Andres"]
[Result "0-1"]
[WhiteElo "1972"]
[BlackElo "2406"]
[Annotator "TA"]
[PlyCount "164"]
[EventDate "2018.08.09"]
[EventType "tourn"]
[EventCountry "ESP"]
[SourceTitle "playchess.com"]
[Source "ChessBase"]
[SourceQuality "1"]

{[%evp 18,164,22,22,24,17,14,8,21,16,28,32,21,8,22,0,69,47,50,44,58,8,12,37,32,16,13,0,0,-18,-4,-3,-28,-23,-7,-43,-48,-67,-60,-131,-125,-146,-23,-19,-12,-20,-20,-32,-21,-54,-14,-42,0,-57,-46,-95,-86,-150,-54,-73,-45,-52,-61,-61,-21,-24,-17,-47,-6,-16,-13,-10,-14,-6,0,0,0,-15,-12,-45,-23,-20,0,-61,0,-235,-232,-284,-288,-240,-136,-119,-110,-108,-102,-81,-86,-121,-45,-304,-307,-324,-297,-662,-659,-682,-228,-326,-306,-718,-657,-714,-700,-674,-665,-798,-707,-750,-654,-633,-631,-600,-568,-643,-640,-1233,-1314,-1275,-1237,-1245,-1253,-974,-906,-1234,-1220,-2943,-2053,-29951,-29965,-29978,-4622,-4618,-3658,-11771,-4947,-29984,-29985,-29985,-29986]} 1. e4 e5 2. Nf3 Nc6 3. Bb5 g6 4. O-O Bg7 5. c3 a6 6. Ba4 b5 7. Bc2 d6 8. h3 Nf6 9. Re1 {C60: Ruy Lopez: Unusual Black 3rd moves and 3...g6} O-O 10. d4 {LiveBook: 5 Games} Re8 (10... Bb7 11. a4 exd4 12. Nxd4 Re8 13. Nd2 b4 14. Nxc6 Bxc6 15. cxb4 Rb8 {0-1 (54) Agrest,I (2280)-Jones,G (2640) chess.com INT 2018}) 11. a3 $146 {White has an edge.} ({Predecessor:} 11. a4 Bb7 12. d5 Ne7 13. b3 c6 14. c4 b4 15. dxc6 Nxc6 16. Bb2 Nh5 17. Nbd2 Nf4 18. Nf1 Qb6 19. Qd2 Ne6 20. Rad1 Rad8 21. Ne3 {½-½ (21) Bashkov,V (2470)-Tseitlin,M (2480) Ostrava 1991}) 11... Bb7 12. Nbd2 Qd7 13. Nf1 Rad8 14. Bg5 h6 15. Bh4 Qc8 16. Qd2 Kh7 (16... g5 $11 17. Bg3 Na5) 17. d5 Ne7 18. a4 (18. Ne3 {with more complications.} c6 19. Bxf6 Bxf6 20. a4 cxd5 21. exd5 Qd7 22. h4) 18... c6 {[%cal Rc6d5]} 19. dxc6 Bxc6 20. axb5 axb5 21. Bxf6 Bxf6 22. Ne3 Qb7 23. Ng4 Bg7 24. Qe3 Nc8 25. Bb3 Rf8 26. Rad1 Ne7 27. Ra1 Rd7 28. Ra5 (28. Qe2 $15) 28... f5 $17 29. exf5 gxf5 (29... Nxf5 $17 30. Qe2 b4) 30. Ngh2 $1 $11 Nd5 31. Bxd5 Bxd5 32. Rea1 Rff7 33. Ra6 Be6 34. Qd2 Bf8 35. Qe3 (35. Nf1 $11) 35... Rg7 36. Qb6 Qd5 37. Qc6 (37. Ra8 $142 Rdf7 38. Rb8) 37... Qxc6 (37... Qb3 $17 38. R6a5 b4) 38. Rxc6 $15 Bd5 39. Rc8 Be7 40. Rb8 Bc6 41. Rb6 Rc7 42. Raa6 Bd5 43. Ra1 Bc4 44. Nd2 Bd3 45. Nhf3 Rd7 46. Ne1 Be2 47. Nc2 Bg5 48. Nf1 {next Ng3 is good for White.} Bd8 49. Rb8 Bc7 50. Rc8 (50. Rf8 $11) 50... f4 (50... Bf3 $1 $15 51. Nfe3 h5) 51. Nb4 $2 {[#]} (51. Nd2 $11 {and White stays safe.}) 51... Bf3 $1 $19 52. g3 Bb7 53. Rf8 Bb6 (53... h5 $19 54. Kh2 Bb6) 54. g4 $17 h5 $36 {[%mdl 2048] Black has strong initiative.} 55. Nh2 hxg4 56. Nxg4 Kg6 {Threatens to win with ...Rh7.} 57. Kf1 Rdf7 ({Black should play} 57... Rd8 $17 58. Rf6+ Kg5) 58. Rxf7 $4 {[%mdl 8192]} (58. Rb8 $15) 58... Kxf7 $19 ({Weaker is} 58... Rxf7 59. Rd1 $17) 59. Rd1 Ke6 {...Rh7 is the strong threat.} 60. Re1 $2 (60. Nf6) 60... Rh7 61. Nd3 Kf7 $2 (61... Kf5 62. Ngxe5 Rxh3) 62. Ke2 (62. Ngxe5+ $142 dxe5 63. Rxe5) 62... Rxh3 {[#] Hoping for ...Bf3+.} 63. Rg1 $2 (63. Kd2) 63... Bf3+ 64. Kd2 Be4 65. Ne1 Ke6 66. b4 d5 67. Rf1 d4 68. cxd4 Bxd4 {Strongly threatening ...Ra3.} 69. f3 Bf5 70. Nc2 Kd5 71. Rd1 Bxc2 72. Kxc2 Rxf3 {[%mdl 4096] Endgame KRB-KRN} 73. Nf6+ Kc4 74. Ne4 Ra3 75. Nd2+ Kxb4 76. Rb1+ Ka4 77. Rh1 f3 78. Rf1 Rc3+ (78... f2 $142 79. Nb1 Ra1 80. Kd3 b4 81. Kc4 b3 82. Rc1 b2 83. Rh1 Bb6 84. Nc3+ Ka5 85. Nb1 e4 86. Rh5+ Ka6 87. Rh1 Ra4+ 88. Kc3 Ba5+ 89. Kxb2 e3 90. Rf1 e2 91. Rxf2 e1=Q 92. Rf6+ Kb7 93. Rf7+ Kc8 94. Rf8+ Kd7 95. Rf7+ Ke6 96. Rc7 Qe2+ 97. Kc1 Bxc7 98. Na3 Bf4+ 99. Kb1 Rb4+ 100. Ka1 Be5#) 79. Kd1 f2 80. Ne4 Re3 81. Nxf2 Rf3 82. Ke2 Rxf2+ {Precision: White = 28%, Black = 54%.} 0-1

[Event "83rd ESP-ch Women-ch 2018"]
[Site "Linares"]
[Date "2018.08.20"]
[Round "1"]
[White "Ortin Blanco, Ainhoa"]
[Black "Teran Alvarez, Ismael"]
[Result "0-1"]
[WhiteElo "1951"]
[BlackElo "2377"]
[Annotator "NA"]
[PlyCount "96"]
[EventDate "2018.08.09"]
[EventType "tourn"]
[EventCountry "ESP"]
[SourceTitle "playchess.com"]
[Source "ChessBase"]
[SourceQuality "1"]
[TimeControl "40/5400+30:1800+30"]

1. d4 {[%emt 0:00:00]} e6 {[%emt 0:00:00]} 2. c4 {[%emt 0:00:07]} b6 {[%emt 0:00:14]} 3. Nc3 {[%emt 0:00:25]} Bb4 {[%emt 0:01:48]} 4. Qc2 {[%emt 0:01:57]} Bb7 {[%emt 0:01:43]} 5. e3 {[%emt 0:01:41] A40: Unusual replies to 1 d4} (5. Nf3 Nf6 6. Bg5 h6 7. Bh4 g5 8. Bg3 Ne4 9. e3 Bxc3+ 10. bxc3 d6 11. Bd3 f5 12. d5 Qf6 13. Bxe4 fxe4 14. Qxe4 Qxc3+ 15. Ke2 Qb2+ 16. Nd2 Qf6 17. h4 g4 18. h5 Nd7 19. Bh4 Qf5 20. Qxf5 exf5 {0-1 (34) Tang,A (2513)-Nakamura,H (2781) chess.com INT 2018}) 5... Nf6 {[%emt 0:07:32]} 6. Bd2 {[%emt 0:01:51]} O-O {[%emt 0:02:00]} 7. Nf3 {[%emt 0:02:47]} c5 {[%emt 0:00:34]} 8. Be2 {[%emt 0:06:11]} Nc6 {[%emt 0:09:15]} 9. O-O {[%emt 0:00:44]} cxd4 {[%emt 0:01:52]} 10. exd4 {[%emt 0:00:15]} d5 $146 {[%emt 0:00:54]} ({Predecessor:} 10... Rc8 11. a3 Bxc3 12. Bxc3 Ne7 13. b3 Re8 14. Bb2 Ng6 15. g3 d6 16. Rfe1 Qd7 {½-½ (16) Benes,J (2107)-Cvak,R (2248) ICCF email 2013}) 11. a3 {[%emt 0:02:44]} Bxc3 {[%emt 0:11:22]} 12. bxc3 {[%emt 0:01:33]} dxc4 13. Bxc4 {[%emt 0:00:15]} Na5 {[%emt 0:02:38]} 14. Be2 {[%emt 0:00:32]} Rc8 {[%emt 0:00:34]} 15. Ne5 {[%emt 0:12:36]} Qxd4 {[%emt 0:05:59]} 16. Qxh7+ {[%emt 0:01:13]} Nxh7 {[%emt 0:01:36]} 17. cxd4 {[%emt 0:00:21]} Nb3 {[%emt 0:00:26]} 18. Bb4 {[%emt 0:02:39]} Rfd8 {[%emt 0:01:46]} 19. Rad1 {[%emt 0:01:38]} Nxd4 {[%emt 0:07:40]} 20. Bd3 {[%emt 0:05:14]} Nf6 {[%emt 0:03:37]} 21. h3 {[%emt 0:12:14]} Nd5 {[%emt 0:07:00]} 22. Be4 {[%emt 0:06:50]} Ne2+ {[%emt 0:01:40]} 23. Kh2 {[%emt 0:00:45]} Nec3 {[%emt 0:00:36]} 24. Bxc3 {[%emt 0:04:54]} Rxc3 {[%emt 0:00:05]} 25. a4 {[%emt 0:02:32]} f6 {[%emt 0:05:24]} 26. Nf3 {[%emt 0:04:08]} Rc4 {[%emt 0:01:36]} 27. Rd4 {[%emt 0:00:58]} Rdc8 {[%emt 0:00:55]} 28. Rfd1 {[%emt 0:02:10]} Kf7 {[%emt 0:00:27]} 29. Kg3 {[%emt 0:02:41]} Rxd4 {[%emt 0:01:53]} 30. Rxd4 {[%emt 0:01:34]} Rc3 {[%emt 0:00:24]} 31. Kh2 {[%emt 0:03:08]} Ke7 {[%emt 0:00:20]} 32. Nd2 {[%emt 0:04:13]} Ra3 {[%emt 0:02:57]} 33. Bf3 {[%emt 0:06:53]} Bc6 {[%emt 0:02:34]} 34. Bd1 {[%emt 0:00:52]} e5 {[%emt 0:02:53]} 35. Rc4 {[%emt 0:01:38]} Rc3 {[%emt 0:00:49]} 36. Bb3 {[%emt 0:02:29]} Rxc4 {[%emt 0:00:48]} 37. Nxc4 {[%emt 0:00:14]} Nf4 {[%emt 0:01:48]} 38. Ne3 {[%emt 0:00:51]} Nd3 {[%emt 0:00:31]} 39. Nf5+ {[%emt 0:00:16]} Kf8 {[%emt 0:00:06]} 40. Nd6 {[%emt 0:00:15]} Nc5 {[%emt 0:00:26]} 41. Bc4 {[%emt 0:31:35]} Nxa4 {[%emt 0:30:31]} 42. Nc8 {[%emt 0:02:17]} a5 {[%emt 0:00:44]} 43. Bf1 {[%emt 0:00:39]} Bd7 {[%emt 0:00:22]} 44. Nd6 {[%emt 0:00:15]} Nc3 {[%emt 0:00:44]} 45. Kg3 {[%emt 0:00:56]} Ke7 {[%emt 0:01:23]} 46. Nc4 {[%emt 0:00:39]} Bb5 {[%emt 0:00:20]} 47. Kf3 {[%emt 0:00:22]} Bxc4 {[%emt 0:00:45]} 48. Bxc4 {[%emt 0:00:04]} a4 $19 {[%emt 0:00:17]} 0-1

[Event "83rd ESP-ch Women-ch 2018"]
[Site "Linares"]
[Date "2018.08.20"]
[Round "1"]
[White "De la Pena Garcia, Blanca"]
[Black "Sanchez Jerez, Emilio Miguel"]
[Result "0-1"]
[WhiteElo "1811"]
[BlackElo "2246"]
[Annotator "NA"]
[PlyCount "62"]
[EventDate "2018.08.09"]
[EventType "tourn"]
[EventCountry "ESP"]
[SourceTitle "playchess.com"]
[Source "ChessBase"]
[SourceQuality "1"]
[TimeControl "40/5400+30:1800+30"]

1. e4 {[%emt 0:00:00]} Nc6 {[%emt 0:00:00]} 2. d4 {[%emt 0:00:00]} d5 {[%emt 0:00:00]} 3. e5 {[%emt 0:00:47]} f6 {[%emt 0:00:00]} 4. Bf4 {[%emt 0:03:25]} Bf5 {[%emt 0:01:19]} 5. Bb5 {[%emt 0:03:04]} e6 {[%emt 0:01:40]} 6. Nf3 {[%emt 0:05:31]} Qd7 {[%emt 0:01:27]} 7. c3 {[%emt 0:03:56]} Nge7 {[%emt 0:00:36]} 8. Nbd2 {[%emt 0:04:09]} a6 {[%emt 0:00:38]} 9. Ba4 {[%emt 0:00:36]} h5 {[%emt 0:01:59]} 10. exf6 gxf6 {[%emt 0:00:30]} 11. Qe2 {[%emt 0:10:45]} Ng6 {[%emt 0:02:51]} 12. Be3 {[%emt 0:03:01]} Bd6 {[%emt 0:01:58]} 13. Nf1 {[%emt 0:04:29]} h4 {[%emt 0:02:07]} 14. h3 {[%emt 0:08:47]} O-O-O {[%emt 0:04:22]} 15. b4 {[%emt 0:04:35]} Kb8 {[%emt 0:08:33]} 16. Qd1 {[%emt 0:02:10]} Nf4 {[%emt 0:11:25]} 17. Bxf4 {[%emt 0:01:30]} Bxf4 {[%emt 0:00:11]} 18. b5 {[%emt 0:04:41]} axb5 {[%emt 0:02:42]} 19. Bxb5 {[%emt 0:00:09]} Qd6 {[%emt 0:03:46]} 20. a4 {[%emt 0:03:42]} e5 {[%emt 0:05:07]} 21. Bxc6 {[%emt 0:20:04]} Qxc6 {[%emt 0:03:06]} 22. Qb3 {[%emt 0:00:07]} e4 {[%emt 0:15:14]} 23. Ng1 {[%emt 0:01:03]} e3 {[%emt 0:03:41]} 24. fxe3 {[%emt 0:03:36]} Rde8 {[%emt 0:05:38]} 25. Kf2 {[%emt 0:03:24]} Bg3+ {[%emt 0:03:35]} 26. Ke2 {[%emt 0:01:42]} Qe6 {[%emt 0:05:26]} 27. Qb2 {[%emt 0:03:10]} Qe4 {[%emt 0:01:34]} 28. Kd1 {[%emt 0:01:10]} Qd3+ {[%emt 0:01:01]} 29. Nd2 {[%emt 0:00:42]} Rxe3 {[%emt 0:02:23]} 30. Ngf3 {[%emt 0:00:38]} Rhe8 {[%emt 0:01:35]} 31. Rg1 {[%emt 0:01:31]} Be4 {[%emt 0:02:00]} 0-1

[Event "83rd ESP-ch Women-ch 2018"]
[Site "Linares"]
[Date "2018.08.21"]
[Round "2"]
[White "Anton Guijarro, David"]
[Black "Castellanos Gomez, Alejandro"]
[Result "1-0"]
[WhiteElo "2652"]
[BlackElo "2320"]
[Annotator "TA"]
[PlyCount "63"]
[EventDate "2018.08.09"]
[EventType "tourn"]
[EventCountry "ESP"]
[SourceTitle "playchess.com"]
[Source "ChessBase"]
[SourceQuality "1"]

{[%evp 21,63,35,31,0,7,2,22,12,28,24,19,20,31,17,22,21,26,21,71,68,106,8,8,18,11,0,0,0,59,56,285,285,291,288,423,402,422,426,935,875,3019,2977,2409,2308]} 1. Nf3 Nf6 2. c4 e6 3. b3 b6 4. g3 Bb7 5. Bg2 Be7 6. O-O c5 7. Bb2 O-O 8. d4 cxd4 9. Qxd4 Nc6 10. Qf4 d5 11. Rd1 {A30: Symmetrical English: Double Fianchetto and Hedgehog} Qb8 {LiveBook: 10 Games} 12. Qxb8 (12. Ne5 Bd6 13. Nxc6 Bxc6 14. Qh4 Be7 15. Nc3 Qb7 16. cxd5 Nxd5 17. Qc4 b5 18. Qd3 Rfd8 19. Nxd5 Bxd5 20. Bxd5 Rxd5 {½-½ (33) Melkumyan,H (2640)-Inarkiev,E (2730) Izmir 2016}) 12... Raxb8 13. Nbd2 {The position is equal.} Na5 $146 ({Predecessor:} 13... Rfd8 14. a3 Na5 15. Ne5 dxc4 16. Nexc4 Ba6 17. Nxa5 bxa5 18. Kf1 Rbc8 {½-½ (38) Cording,H (2310)-Teschner,R (2290) Germany 1988}) 14. cxd5 Bxd5 15. Ne5 Rbc8 16. Rac1 Rfd8 {next ...Rxc1 is good for Black.} 17. Nd3 Bxg2 18. Kxg2 Nd5 19. Nf3 f6 20. e4 Nc7 21. Rd2 ({Better is} 21. b4 $16 Nb7 22. Nd4) 21... Nb5 $11 22. Rxc8 Rxc8 23. Nf4 Kf7 24. e5 $36 {[%mdl 2048] White has the initiative.} Rd8 (24... Nb7 $11) 25. Rc2 $1 $14 {Hoping for a4.} Bc5 $2 {[#]} (25... Rd7 $1 $14) 26. b4 $1 $18 {[%cal Rb4c5][%mdl 512]} Bxb4 27. a4 {[%cal Ba2a4,Ba4b5][%mdl 32]} g5 (27... Nc3 {was worth a try.} 28. Bxc3 Rc8) 28. axb5 {aiming for Rc7+.} gxf4 29. Rc7+ {White is clearly winning.} Kg8 (29... Ke8 $142 30. exf6 Rd7) 30. exf6 {And now Ng5 would win.} h6 31. Rg7+ Kf8 32. Ne5 {Precision: White = 66%, Black = 34%.} 1-0